ბათუმის შოთა რუსთაველის სახელმწიფო უნივერსიტეტის ბიბლიოთეკა

Легкие конструкции стальных каркасов зданий и сооружений. (ბიბ.ჩანაწერი № 37183)

000 -LEADER
fixed length control field 00683nam a2200205Ia 4500
001 - CONTROL NUMBER
control field 3139
003 - CONTROL NUMBER IDENTIFIER
control field GE_BSU
008 - FIXED-LENGTH DATA ELEMENTS--GENERAL INFORMATION
fixed length control field 181216s||||||||xx |||||||||||||| ||und||
040 ## - CATALOGING SOURCE
Transcribing agency GE_BSU
080 ## - UNIVERSAL DECIMAL CLASSIFICATION NUMBER
Universal Decimal Classification number 624.014
100 ## - MAIN ENTRY--PERSONAL NAME
Personal name Сахновский,М.М.
245 ## - TITLE STATEMENT
Title Легкие конструкции стальных каркасов зданий и сооружений.
245 ## - TITLE STATEMENT
Statement of responsibility, etc. Ред. Т.Ю.Копачевская.
260 ## - PUBLICATION, DISTRIBUTION, ETC.
Place of publication, distribution, etc. К.
260 ## - PUBLICATION, DISTRIBUTION, ETC.
Name of publisher, distributor, etc. Будивельник.
260 ## - PUBLICATION, DISTRIBUTION, ETC.
Date of publication, distribution, etc. 1984.
300 ## - PHYSICAL DESCRIPTION
Extent 160 стр. илл. 20 см.
653 ## - INDEX TERM--UNCONTROLLED
Uncontrolled term Легкие конструкции стальных каркасов зданий и сооружений.
942 ## - ADDED ENTRY ELEMENTS (KOHA)
Koha item type წიგნი
ეგზემპლარები
Withdrawn status Lost status Damaged status Not for loan Date acquired Barcode Date last seen Price effective from Koha item type
        2018-12-17 8475 2018-12-17 2018-12-17 წიგნი
        2018-12-17 8476 2018-12-17 2018-12-17 წიგნი
        2018-12-17 8477 2018-12-17 2018-12-17 წიგნი
        2018-12-17 8478 2018-12-17 2018-12-17 წიგნი